Estudio económico de América Latina. 1982 Costa Rica

Guardat en:
Dades bibliogràfiques
Autor corporatiu: Naciones Unidas
Format: Text
Publicat: s.l.: CEPAL
Etiquetes: Afegir etiqueta
Sense etiquetes, Sigues el primer a etiquetar aquest registre!

MARC

LEADER 00000 a a2200000 04500
001 24633
003
040 |a CRAI/IIS  |c CRAI/IIS 
090 |a 177100  
110 |a Naciones Unidas  
245 |a Estudio económico de América Latina. 1982 Costa Rica  
260 |a s.l.:   |b CEPAL  
300 |a 25 p.   |b **no definido**   |b fonodiscos  
999 |c 5613  |d 5613